State, society, and law in Islam : Ottoman law in comparative perspective

Αποθηκεύτηκε σε:
Λεπτομέρειες βιβλιογραφικής εγγραφής
Κύριος συγγραφέας: Gerber, Haim
Μορφή: Βιβλίο
Γλώσσα:English
Δημοσίευση: New york : State University of New York Press, c1994.
Θέματα:
Ετικέτες: Προσθήκη ετικέτας
Δεν υπάρχουν, Καταχωρήστε ετικέτα πρώτοι!

MARC

LEADER 00000cam a2200000 i 4500
001 1/17781
008 981008s1994 nyu| ||| |||| ||eng||
020 |a 0791418782 
035 |l 10020680 
040 |a GR-MyUa  |b gre  |e AACR2 
041 0 |a eng 
082 7 |a 340.59   |2 (22) 
100 1 |a Gerber, Haim. 
245 1 0 |a State, society, and law in Islam :   |b Ottoman law in comparative perspective /   |c Haim Gerber. 
260 |a New york :   |b State University of New York Press,   |c c1994. 
300 |a 233 σ. ;   |c 23 εκ. 
504 |a Περιλαμβάνει βιβλιογραφικές παραπομπές και ευρετήριο. 
650 0 |a Justice, Administration of  |z Turkey  |x History. 
650 0 |a Islamic law  |z Turkey  |x History. 
650 0 |a Islam  |z Turkey  |x History. 
651 0 |a Turkey  |x Politics and government. 
651 0 |a Turkey  |x Social conditions. 
852 |a INST  |b LESVOS  |e 19981008  |h 340.59 GER  |p 005100012961  |q 005100012961  |t BK  |y 0 
901 |a BIBL-1998-3 
922 |a 1ΔΩΡ  |b 199809  |c ΤΚΑ